[Event "Winnipeg TNT April op"]
[Site "Winnipeg CAN"]
[Date "2013.04.16"]
[Round "3"]
[White "Rutter, Blair"]
[Black "Magyar, Peter"]
[Result "1-0"]
[WhiteElo "1871"]
[BlackElo "1630"]
[PlyCount "47"]
[GameId "2160767909372912"]
[EventDate "2013.04.02"]
[EventType "swiss"]
[EventRounds "5"]
[EventCountry "CAN"]
[SourceTitle "EXT 2022"]
[Source "ChessBase"]
[SourceDate "2021.10.06"]
[SourceVersion "1"]
[SourceVersionDate "2021.10.06"]
[SourceQuality "1"]

1. c4 Nf6 2. Nc3 g6 3. g3 d5 4. Bg2 e6 5. d3 Be7 6. Bh6 b6 7. cxd5 Bb7 8. Nf3 Nxd5 9. O-O Bf6 10. d4 Nc6 11. Rc1 g5 12. e4 Ncb4 13. exd5 Rg8 14. Qa4+ c6 15. Qxb4 c5 16. dxc5 Ba6 17. Qa4+ b5 18. Qxa6 Rb8 19. dxe6 Rg6 20. Qc6+ Ke7 21. Nd5+ Qxd5 22. Qxd5 Rxh6 23. Qd7+ Kf8 24. Qxf7# 1-0

[Event "Winnipeg TNT April op"]
[Site "Winnipeg CAN"]
[Date "2013.04.16"]
[Round "3"]
[White "Swift, Ryne"]
[Black "Mundwiler, Les"]
[Result "1-0"]
[WhiteElo "1855"]
[BlackElo "2066"]
[PlyCount "81"]
[GameId "2160767909372913"]
[EventDate "2013.04.02"]
[EventType "swiss"]
[EventRounds "5"]
[EventCountry "CAN"]
[SourceTitle "EXT 2022"]
[Source "ChessBase"]
[SourceDate "2021.10.06"]
[SourceVersion "1"]
[SourceVersionDate "2021.10.06"]
[SourceQuality "1"]

1. e4 g6 2. d4 Bg7 3. Nf3 d6 4. c3 Nf6 5. Qc2 O-O 6. Bd3 e5 7. O-O Nc6 8. dxe5 dxe5 9. Bg5 h6 10. Bh4 a6 11. Nbd2 Qe8 12. Nc4 Nh5 13. h3 Nf4 14. Bg3 Nxd3 15. Qxd3 f5 16. Rfe1 f4 17. Bh2 Be6 18. b3 Qf7 19. Nb2 Rfd8 20. Qe2 Rd7 21. Rad1 Rad8 22. Rxd7 Rxd7 23. Rd1 Qe7 24. Rxd7 Qxd7 25. Qd2 Qf7 26. Kf1 Bf8 27. Qd3 g5 28. Nd2 Qd7 29. Qxd7 Bxd7 30. f3 b5 31. Bg1 b4 32. c4 Nd4 33. Bxd4 exd4 34. Ke2 Kf7 35. Kd3 Ke6 36. Nd1 Ke5 37. Nf2 h5 38. Nf1 Be7 39. Nh2 g4 40. fxg4 Bh4 41. Nf3+ 1-0

[Event "Winnipeg TNT April op"]
[Site "Winnipeg CAN"]
[Date "2013.04.16"]
[Round "3"]
[White "Wasserman, Leor"]
[Black "Babb, Jeff"]
[Result "1/2-1/2"]
[WhiteElo "1927"]
[BlackElo "2209"]
[PlyCount "76"]
[GameId "2160767909372914"]
[EventDate "2013.04.02"]
[EventType "swiss"]
[EventRounds "5"]
[EventCountry "CAN"]
[SourceTitle "EXT 2022"]
[Source "ChessBase"]
[SourceDate "2021.10.06"]
[SourceVersion "1"]
[SourceVersionDate "2021.10.06"]
[SourceQuality "1"]

1. e4 d5 2. exd5 Nf6 3. Nf3 Nxd5 4. d4 Bf5 5. c4 Nb4 6. Qa4+ N8c6 7. Na3 e6 8. Be2 Nd3+ 9. Bxd3 Bxd3 10. Bd2 Be7 11. Qb3 Be4 12. O-O Nxd4 13. Nxd4 Qxd4 14. Bc3 Qc5 15. Rfe1 Qc6 16. Nb5 Bg6 17. Bxg7 Rg8 18. Be5 Bc2 19. Nxc7+ Kd7 20. Qb5 Rad8 21. Qxc6+ bxc6 22. Rac1 Bf5 23. c5 Kc8 24. Na6 Kb7 25. Nb4 a5 26. Nc2 Bxc5 27. Ne3 Bxe3 28. Rxe3 Rd3 29. Rxd3 Bxd3 30. Rc3 Be4 31. f3 Bd5 32. a3 Ka6 33. Kf2 Kb6 34. g3 c5 35. f4 h5 36. h4 a4 37. Bd6 Rc8 38. Be5 Rg8 1/2-1/2

[Event "Winnipeg TNT April op"]
[Site "Winnipeg CAN"]
[Date "2013.04.23"]
[Round "4"]
[White "Babb, Jeff"]
[Black "Swift, Ryne"]
[Result "1-0"]
[WhiteElo "2209"]
[BlackElo "1855"]
[PlyCount "119"]
[GameId "2160767909372916"]
[EventDate "2013.04.02"]
[EventType "swiss"]
[EventRounds "5"]
[EventCountry "CAN"]
[SourceTitle "EXT 2022"]
[Source "ChessBase"]
[SourceDate "2021.10.06"]
[SourceVersion "1"]
[SourceVersionDate "2021.10.06"]
[SourceQuality "1"]

1. f4 d5 2. e3 Nf6 3. Nf3 e6 4. b3 Be7 5. Bb2 c5 6. Be2 O-O 7. O-O Nc6 8. Ne5 d4 9. Nxc6 bxc6 10. Na3 Nd5 11. e4 Nb6 12. d3 e5 13. fxe5 Qc7 14. Bc1 Qxe5 15. Bf4 Qe6 16. h3 Bd6 17. Bg4 Qe7 18. Bxc8 Raxc8 19. Qh5 f6 20. Rae1 Rce8 21. Bxd6 Qxd6 22. Re2 Re5 23. Qh4 Rfe8 24. Ref2 R8e7 25. Qg3 R7e6 26. Nb1 Rg5 27. Qxd6 Rxd6 28. Nd2 h6 29. Kh2 Re5 30. a4 a5 31. Rf5 Rde6 32. R5f2 Re8 33. g4 Kh7 34. Kg3 R5e6 35. Rf5 Re5 36. Rxe5 Rxe5 37. Nc4 Nxc4 38. bxc4 Re8 39. Rb1 Rc8 40. Rb6 Rc7 41. Ra6 Rb7 42. Rxa5 Rb2 43. Rxc5 Rxc2 44. Rxc6 Rc3 45. Rd6 Rxd3+ 46. Kf2 Ra3 47. Rxd4 Rxa4 48. Ke3 Kg6 49. c5 Ra5 50. Rc4 Kf7 51. c6 Ra8 52. c7 Rc8 53. Kd4 Ke6 54. Rc6+ Ke7 55. Kd5 Kd7 56. Rc1 Re8 57. c8=Q+ Rxc8 58. Rxc8 Kxc8 59. Ke6 Kd8 60. Kf7 1-0

[Event "Winnipeg TNT April op"]
[Site "Winnipeg CAN"]
[Date "2013.04.23"]
[Round "4"]
[White "Boron, Anthony"]
[Black "Wasserman, Leor"]
[Result "0-1"]
[WhiteElo "1980"]
[BlackElo "1927"]
[PlyCount "56"]
[GameId "2160767909372917"]
[EventDate "2013.04.02"]
[EventType "swiss"]
[EventRounds "5"]
[EventCountry "CAN"]
[SourceTitle "EXT 2022"]
[Source "ChessBase"]
[SourceDate "2021.10.06"]
[SourceVersion "1"]
[SourceVersionDate "2021.10.06"]
[SourceQuality "1"]

1. d4 Nf6 2. Nf3 g6 3. Nc3 d5 4. Bf4 c6 5. h3 Bg7 6. e3 O-O 7. Bd3 Nbd7 8. b4 a5 9. a3 Re8 10. Ne5 Nh5 11. Bh2 Bxe5 12. dxe5 Qb6 13. Na4 Qa7 14. b5 d4 15. exd4 Qxd4 16. c3 Qd5 17. bxc6 Qxg2 18. cxd7 Qxh1+ 19. Ke2 Qxd1+ 20. Rxd1 Bxd7 21. Nb6 Bxh3 22. Nxa8 Rxa8 23. Be4 Rc8 24. Bxb7 Rxc3 25. Rd8+ Kg7 26. Re8 Rxa3 27. Rxe7 Be6 28. Bf3 Bc4+ 0-1

[Event "Winnipeg TNT April op"]
[Site "Winnipeg CAN"]
[Date "2013.04.23"]
[Round "4"]
[White "Leaden, Bruce"]
[Black "Green, Jim"]
[Result "1/2-1/2"]
[WhiteElo "1590"]
[BlackElo "1792"]
[PlyCount "61"]
[GameId "2160767909372918"]
[EventDate "2013.04.02"]
[EventType "swiss"]
[EventRounds "5"]
[EventCountry "CAN"]
[SourceTitle "EXT 2022"]
[Source "ChessBase"]
[SourceDate "2021.10.06"]
[SourceVersion "1"]
[SourceVersionDate "2021.10.06"]
[SourceQuality "1"]

1. e4 Nf6 2. e5 Nd5 3. c4 Nb6 4. d4 d6 5. f4 g6 6. Nf3 Bg7 7. Be2 dxe5 8. Nxe5 O-O 9. O-O N8d7 10. Be3 Nxe5 11. fxe5 Be6 12. b3 c5 13. Nc3 cxd4 14. Qxd4 Qxd4 15. Bxd4 Nd7 16. Bf3 Rad8 17. Rae1 b6 18. Nb5 a6 19. Nc7 a5 20. Nxe6 fxe6 21. Bg4 Rxf1+ 22. Kxf1 Nc5 23. Bxc5 bxc5 24. Bxe6+ Kh8 25. Bd5 Rf8+ 26. Bf3 Rf5 27. e6 Bd4 28. Re4 Re5 29. Ke2 Kg7 30. Rxe5 Bxe5 31. h3 1/2-1/2

[Event "Winnipeg TNT April op"]
[Site "Winnipeg CAN"]
[Date "2013.04.23"]
[Round "4"]
[White "Mandusic, Ante"]
[Black "Magyar, Peter"]
[Result "0-1"]
[WhiteElo "1237"]
[BlackElo "1630"]
[PlyCount "58"]
[GameId "2160767909372919"]
[EventDate "2013.04.02"]
[EventType "swiss"]
[EventRounds "5"]
[EventCountry "CAN"]
[SourceTitle "EXT 2022"]
[Source "ChessBase"]
[SourceDate "2021.10.06"]
[SourceVersion "1"]
[SourceVersionDate "2021.10.06"]
[SourceQuality "1"]

1. e4 e6 2. d4 d5 3. e5 c5 4. Be3 cxd4 5. Bxd4 Nc6 6. Nf3 Be7 7. Bd3 Nb4 8. Na3 Nxd3+ 9. Qxd3 Bd7 10. c4 Bc6 11. Nd2 f6 12. Qg3 g6 13. O-O Nh6 14. Rfe1 Nf5 15. Qd3 dxc4 16. Qxc4 Nxd4 17. b4 O-O 18. Qc3 Qd5 19. f3 fxe5 20. Nac4 Bxb4 21. Qxb4 Nxf3+ 22. gxf3 Qd4+ 23. Kg2 Bxf3+ 24. Nxf3 Qg4+ 25. Kh1 Qxf3+ 26. Kg1 Qg4+ 27. Kh1 Rf2 28. Ne3 Qh3 29. Nf1 Qg2# 0-1

[Event "Winnipeg TNT April op"]
[Site "Winnipeg CAN"]
[Date "2013.04.23"]
[Round "4"]
[White "Mundwiler, Les"]
[Black "Remillard, John"]
[Result "1-0"]
[WhiteElo "2066"]
[BlackElo "1664"]
[PlyCount "77"]
[GameId "2160767909372920"]
[EventDate "2013.04.02"]
[EventType "swiss"]
[EventRounds "5"]
[EventCountry "CAN"]
[SourceTitle "EXT 2022"]
[Source "ChessBase"]
[SourceDate "2021.10.06"]
[SourceVersion "1"]
[SourceVersionDate "2021.10.06"]
[SourceQuality "1"]

1. d4 Nf6 2. c4 g6 3. g3 Bg7 4. Bg2 O-O 5. Nc3 e6 6. Nh3 h6 7. O-O d5 8. c5 Nbd7 9. f3 c6 10. Be3 Nh7 11. f4 f6 12. Qc2 Qe8 13. b4 e5 14. Rad1 exf4 15. Bxf4 f5 16. Qd2 g5 17. Bd6 Rf7 18. Nf2 Ndf6 19. e3 Qe6 20. Nd3 Ne8 21. Be5 Nhf6 22. Nf2 Ne4 23. Nfxe4 fxe4 24. Rxf7 Qxf7 25. Rf1 Qe7 26. Bxg7 Nxg7 27. Qe2 Be6 28. Rf2 h5 29. Qf1 h4 30. Ne2 Nh5 31. gxh4 gxh4 32. Nf4 Ng3 33. hxg3 hxg3 34. Rd2 Qh4 35. Bh3 Rf8 36. Bxe6+ Kg7 37. Qh3 Rxf4 38. exf4 Qxf4 39. Qg4+ 1-0

[Event "Winnipeg TNT April op"]
[Site "Winnipeg CAN"]
[Date "2013.04.23"]
[Round "4"]
[White "Reimer, Bruce"]
[Black "Kernetsky, Myron"]
[Result "0-1"]
[WhiteElo "1646"]
[BlackElo "2042"]
[PlyCount "62"]
[GameId "2160767909372921"]
[EventDate "2013.04.02"]
[EventType "swiss"]
[EventRounds "5"]
[EventCountry "CAN"]
[SourceTitle "EXT 2022"]
[Source "ChessBase"]
[SourceDate "2021.10.06"]
[SourceVersion "1"]
[SourceVersionDate "2021.10.06"]
[SourceQuality "1"]

1. c4 c5 2. g3 Nc6 3. Bg2 g6 4. Nc3 Bg7 5. e4 d6 6. Nge2 e5 7. O-O Nge7 8. d3 O-O 9. Be3 h6 10. Qd2 Kh7 11. f4 f5 12. h3 Rb8 13. Bf3 fxe4 14. Nxe4 Bxh3 15. Rf2 Be6 16. Rh2 Qd7 17. Kg2 Nf5 18. Ng5+ Kh8 19. Nxe6 Qxe6 20. Rah1 Ncd4 21. Bd5 Qe7 22. g4 Nxe3+ 23. Qxe3 Nxe2 24. Qxe2 Rxf4 25. Be4 Qg5 26. Kg3 b6 27. Rh4 Rbf8 28. R1h2 Rf1 29. Qd2 Rg1+ 30. Kh3 Rf4 31. Qe2 Bf6 0-1

[Event "Winnipeg TNT April op"]
[Site "Winnipeg CAN"]
[Date "2013.04.23"]
[Round "4"]
[White "Rutter, Blair"]
[Black "Green, Aaron"]
[Result "1/2-1/2"]
[WhiteElo "1871"]
[BlackElo "2012"]
[PlyCount "132"]
[GameId "2160767909372922"]
[EventDate "2013.04.02"]
[EventType "swiss"]
[EventRounds "5"]
[EventCountry "CAN"]
[SourceTitle "EXT 2022"]
[Source "ChessBase"]
[SourceDate "2021.10.06"]
[SourceVersion "1"]
[SourceVersionDate "2021.10.06"]
[SourceQuality "1"]

1. c4 Nf6 2. g3 g6 3. Bg2 Bg7 4. Nc3 d6 5. e4 e5 6. Nge2 Nc6 7. O-O Bd7 8. h3 Qc8 9. Kh2 h5 10. Nd5 Ne7 11. Nxf6+ Bxf6 12. f3 Be6 13. d3 g5 14. Ng1 Ng6 15. Be3 Qd8 16. Qd2 g4 17. f4 exf4 18. gxf4 gxh3 19. Bxh3 Bg4 20. d4 Qd7 21. f5 Nh4 22. Bf4 O-O-O 23. Bg3 Rdg8 24. Qf2 Bxh3 25. Nxh3 Rg4 26. e5 dxe5 27. dxe5 Be7 28. Qxa7 Qc6 29. Qa8+ Kd7 30. e6+ fxe6 31. fxe6+ Kxe6 32. Rae1+ Kd7 33. Rxe7+ Kxe7 34. Bxh4+ Rxh4 35. Re1+ Kf7 36. Qxh8 Rxh3+ 37. Kxh3 Qf3+ 38. Kh2 Qf2+ 39. Kh3 Qf3+ 40. Kh2 Qf2+ 41. Kh3 Qxe1 42. Qxh5+ Kg7 43. Qg4+ Kf7 44. Qd7+ Kf6 45. Qxc7 Qf1+ 46. Kg3 Qg1+ 47. Kf3 Qh1+ 48. Ke3 Qc1+ 49. Kd3 Qxb2 50. Qf4+ Ke6 51. Qe4+ Kf7 52. Qd5+ Kg6 53. Qg8+ Kh6 54. Qf8+ Kg5 55. Qe7+ Kh5 56. Qe2+ Qxe2+ 57. Kxe2 Kg5 58. Kd3 Kf5 59. Kd4 Ke6 60. c5 Kd7 61. Kd5 Kc7 62. a4 Kd7 63. Kc4 Kc7 64. Kb5 Kd7 65. a5 Kc7 66. Kb4 Kb8 1/2-1/2

[Event "Winnipeg TNT April op"]
[Site "Winnipeg CAN"]
[Date "2013.04.23"]
[Round "4"]
[White "Schulz, Waldemar"]
[Black "Baron, Gustav"]
[Result "1/2-1/2"]
[WhiteElo "1956"]
[BlackElo "1794"]
[PlyCount "116"]
[GameId "2160767909372923"]
[EventDate "2013.04.02"]
[EventType "swiss"]
[EventRounds "5"]
[EventCountry "CAN"]
[SourceTitle "EXT 2022"]
[Source "ChessBase"]
[SourceDate "2021.10.06"]
[SourceVersion "1"]
[SourceVersionDate "2021.10.06"]
[SourceQuality "1"]

1. Nf3 f5 2. d4 Nf6 3. g3 e6 4. Bg2 Be7 5. O-O c6 6. c4 O-O 7. Nc3 d5 8. b3 Bd7 9. Qc2 Be8 10. Bb2 Nbd7 11. Ng5 Bf7 12. Nxf7 Rxf7 13. Rad1 Ne4 14. f3 Nxc3 15. Bxc3 f4 16. Bh3 Rf6 17. gxf4 Qe8 18. Kh1 Rh6 19. Bg4 Bd6 20. e3 Qe7 21. Be1 Rf8 22. Bg3 Kh8 23. Rg1 Nf6 24. Qe2 Qf7 25. Rg2 g6 26. Rf1 Nh5 27. Bxh5 Rxh5 28. Be1 Qf5 29. Rfg1 Rg8 30. Qc2 Qf7 31. Rg4 Qf6 32. Qg2 Rg7 33. Rg5 Rh6 34. Qg4 Qf7 35. Qg2 Be7 36. Rg4 Rg8 37. Bd2 Rh5 38. Be1 Rg7 39. Bg3 Rg8 40. Qf2 Bd6 41. Rg5 Rh6 42. Rg4 Be7 43. Bh4 Rg7 44. Bg5 Rh5 45. Rh4 Bxg5 46. Rxg5 Rxg5 47. fxg5 Qf5 48. f4 Qe4+ 49. Kg1 Qb1+ 50. Kg2 Qe4+ 51. Kh3 Qd3 52. c5 Rf7 53. Rg4 Kg8 54. Rg2 Qf5+ 55. Kg3 Qe4 56. Qf3 Qf5 57. Qe2 Qe4 58. Qf3 Qf5 1/2-1/2

[Event "Winnipeg TNT April op"]
[Site "Winnipeg CAN"]
[Date "2013.04.23"]
[Round "4"]
[White "Wolchock, Theo"]
[Black "Towns, Barry"]
[Result "1-0"]
[WhiteElo "1695"]
[BlackElo "1740"]
[PlyCount "59"]
[GameId "2160767909372924"]
[EventDate "2013.04.02"]
[EventType "swiss"]
[EventRounds "5"]
[EventCountry "CAN"]
[SourceTitle "EXT 2022"]
[Source "ChessBase"]
[SourceDate "2021.10.06"]
[SourceVersion "1"]
[SourceVersionDate "2021.10.06"]
[SourceQuality "1"]

1. c4 Nf6 2. g3 e5 3. Bg2 d5 4. cxd5 Nxd5 5. d3 Bb4+ 6. Bd2 a5 7. Nf3 O-O 8. O-O Bg4 9. Nxe5 Bh5 10. Nf3 f5 11. a3 Bc5 12. Nc3 Nf6 13. Bg5 h6 14. Bxf6 Qxf6 15. Nd5 Qd6 16. Nc3 Nd7 17. Qc2 f4 18. Ne4 Qb6 19. Nxc5 Nxc5 20. Kh1 a4 21. Rac1 Ne6 22. Qc4 Bf7 23. Ne5 Qxb2 24. Nxf7 Rxf7 25. Qxe6 Qxa3 26. Rxc7 Qf8 27. Bd5 fxg3 28. Rxf7 gxh2 29. Rxf8+ Kxf8 30. Qf7# 1-0

[Event "Winnipeg TNT April op"]
[Site "Winnipeg CAN"]
[Date "2013.04.30"]
[Round "5"]
[White "Baron, Gustav"]
[Black "Mundwiler, Les"]
[Result "0-1"]
[WhiteElo "1794"]
[BlackElo "2066"]
[PlyCount "88"]
[GameId "2160767909372925"]
[EventDate "2013.04.02"]
[EventType "swiss"]
[EventRounds "5"]
[EventCountry "CAN"]
[SourceTitle "EXT 2022"]
[Source "ChessBase"]
[SourceDate "2021.10.06"]
[SourceVersion "1"]
[SourceVersionDate "2021.10.06"]
[SourceQuality "1"]

1. e4 d6 2. d4 g6 3. c4 Bg7 4. Nc3 Nd7 5. f3 c5 6. Nge2 Ngf6 7. Be3 O-O 8. Qd2 Re8 9. O-O-O Qa5 10. Kb1 Nb6 11. Nc1 cxd4 12. Bxd4 Bd7 13. Nb3 Qb4 14. Nd5 Nbxd5 15. cxd5 Qxd2 16. Rxd2 Bh6 17. Rf2 a5 18. Bb6 a4 19. Na5 Rec8 20. Nc4 a3 21. b3 e6 22. Bd4 Nxd5 23. exd5 exd5 24. Nxa3 Rxa3 25. Bd3 Bg7 26. Bxg7 Kxg7 27. Rc1 Rxc1+ 28. Kxc1 Kf6 29. Kb2 Ra8 30. Kc3 Rc8+ 31. Kb4 Rc1 32. h3 h5 33. Ka5 Ke5 34. Bb5 Rc5 35. a4 Bxb5 36. axb5 Rc7 37. g3 d4 38. Re2+ Kd5 39. h4 d3 40. Re1 f5 41. Kb6 Rd7 42. Ka5 Kd4 43. Kb4 d2 44. Rd1 Kd3 0-1

[Event "Winnipeg TNT April op"]
[Site "Winnipeg CAN"]
[Date "2013.04.30"]
[Round "5"]
[White "Boron, Anthony"]
[Black "Schulz, Waldemar"]
[Result "0-1"]
[WhiteElo "1980"]
[BlackElo "1956"]
[PlyCount "98"]
[GameId "2160767909372926"]
[EventDate "2013.04.02"]
[EventType "swiss"]
[EventRounds "5"]
[EventCountry "CAN"]
[SourceTitle "EXT 2022"]
[Source "ChessBase"]
[SourceDate "2021.10.06"]
[SourceVersion "1"]
[SourceVersionDate "2021.10.06"]
[SourceQuality "1"]

1. Nf3 Nf6 2. g3 g6 3. d4 Bg7 4. Bg2 O-O 5. c4 d5 6. Qb3 dxc4 7. Qxc4 Qd5 8. Na3 c6 9. O-O Rd8 10. Bf4 Qxc4 11. Nxc4 Be6 12. b3 Nd5 13. e3 Nxf4 14. gxf4 Na6 15. Na5 Rab8 16. Ne5 Bxe5 17. fxe5 Nb4 18. Rfd1 f5 19. exf6 exf6 20. Be4 Bd5 21. Bg2 Bxg2 22. Kxg2 Rd5 23. Nc4 Rbd8 24. a3 Na6 25. b4 b6 26. Rdc1 Kf7 27. Rc2 Ke6 28. Nb2 c5 29. dxc5 bxc5 30. b5 Nb8 31. Rac1 Rg5+ 32. Kf3 Nd7 33. Nd3 Rc8 34. Nf4+ Ke7 35. Rd2 Nb6 36. e4 Re5 37. a4 f5 38. a5 fxe4+ 39. Ke3 Nd7 40. Nd5+ Ke6 41. Rcd1 Kf5 42. h4 Nf6 43. Nxf6 Kxf6 44. Rd7 c4 45. R1d6+ Kf5 46. Rf7+ Kg4 47. Rf4+ Kh3 48. Rd1 Rxb5 49. Kxe4 Re8+ 0-1

[Event "Winnipeg TNT April op"]
[Site "Winnipeg CAN"]
[Date "2013.04.30"]
[Round "5"]
[White "Green, Jim"]
[Black "Reimer, Bruce"]
[Result "1-0"]
[WhiteElo "1792"]
[BlackElo "1646"]
[PlyCount "91"]
[GameId "2160767909372927"]
[EventDate "2013.04.02"]
[EventType "swiss"]
[EventRounds "5"]
[EventCountry "CAN"]
[SourceTitle "EXT 2022"]
[Source "ChessBase"]
[SourceDate "2021.10.06"]
[SourceVersion "1"]
[SourceVersionDate "2021.10.06"]
[SourceQuality "1"]

1. e4 Nf6 2. Nc3 e5 3. Nf3 Nc6 4. Be2 g6 5. O-O Bg7 6. d3 O-O 7. Bg5 h6 8. Be3 Ng4 9. Bd2 d6 10. h3 Nf6 11. Be3 Be6 12. Qd2 Kh7 13. d4 exd4 14. Nxd4 Qd7 15. Nxe6 Qxe6 16. f3 a6 17. Nd5 Qd7 18. Nxf6+ Bxf6 19. Bxh6 Rg8 20. Be3 Bh4 21. Bg5 Bxg5 22. Qxg5 b5 23. c4 Nd4 24. Bd3 Rge8 25. cxb5 axb5 26. Qd2 c5 27. b4 Ra6 28. Rac1 c4 29. Bxc4 Qa7 30. Kh1 bxc4 31. Rxc4 Nb5 32. Rc2 Ra8 33. Qd5 Nd4 34. Rd2 Ne6 35. Rff2 Rd8 36. f4 Qa8 37. Qc4 Ra4 38. f5 Ng5 39. fxg6+ Kxg6 40. Rd5 Qb7 41. Qd3 Rxb4 42. Rxg5+ Kxg5 43. Qg3+ Kh6 44. Rf6+ Kh7 45. Qg5 Rb1+ 46. Kh2 1-0

[Event "Winnipeg TNT April op"]
[Site "Winnipeg CAN"]
[Date "2013.04.30"]
[Round "5"]
[White "Kernetsky, Myron"]
[Black "Babb, Jeff"]
[Result "1-0"]
[WhiteElo "2042"]
[BlackElo "2209"]
[PlyCount "114"]
[GameId "2160767909372928"]
[EventDate "2013.04.02"]
[EventType "swiss"]
[EventRounds "5"]
[EventCountry "CAN"]
[SourceTitle "EXT 2022"]
[Source "ChessBase"]
[SourceDate "2021.10.06"]
[SourceVersion "1"]
[SourceVersionDate "2021.10.06"]
[SourceQuality "1"]

1. d4 Nf6 2. c4 c5 3. d5 b5 4. Qc2 d6 5. e4 g6 6. cxb5 Bg7 7. Nc3 O-O 8. Nf3 a6 9. bxa6 Nxa6 10. Be2 Nb4 11. Qd1 Qa5 12. O-O Ba6 13. Nd2 Bxe2 14. Qxe2 Nc2 15. Nc4 Nd4 16. Qd3 Qa6 17. Rd1 Nd7 18. Bg5 Rfe8 19. h3 h6 20. Bf4 Reb8 21. Rab1 Nb6 22. Nxb6 Qxd3 23. Rxd3 Rxb6 24. Rd2 Nf3+ 25. gxf3 Bxc3 26. Rc2 Bg7 27. b3 Rba6 28. a4 Rb8 29. Rc4 Rab6 30. a5 Ra6 31. Bd2 g5 32. Ra4 Be5 33. Kf1 Kg7 34. Ke2 e6 35. Kd3 exd5 36. exd5 Kg6 37. b4 cxb4 38. Rbxb4 Rba8 39. Rb7 Bf6 40. Kc4 Bd8 41. Kb5 f6 42. Rd7 R6a7 43. Rxa7 Rxa7 44. Be3 Rxa5+ 45. Rxa5 Bxa5 46. Kxa5 Kh5 47. Kb5 Kh4 48. Kc6 Kxh3 49. Kxd6 Kg2 50. Ke6 h5 51. d6 h4 52. d7 h3 53. d8=Q h2 54. Qh8 h1=Q 55. Qxh1+ Kxh1 56. Kxf6 Kg2 57. Kxg5 Kxf3 1-0

[Event "Winnipeg TNT April op"]
[Site "Winnipeg CAN"]
[Date "2013.04.30"]
[Round "5"]
[White "Magyar, Peter"]
[Black "Leaden, Bruce"]
[Result "0-1"]
[WhiteElo "1630"]
[BlackElo "1590"]
[PlyCount "84"]
[GameId "2160767909372929"]
[EventDate "2013.04.02"]
[EventType "swiss"]
[EventRounds "5"]
[EventCountry "CAN"]
[SourceTitle "EXT 2022"]
[Source "ChessBase"]
[SourceDate "2021.10.06"]
[SourceVersion "1"]
[SourceVersionDate "2021.10.06"]
[SourceQuality "1"]

1. Nf3 d6 2. e3 e5 3. d4 e4 4. Nfd2 Nf6 5. c4 Be7 6. Nc3 Bf5 7. Be2 O-O 8. O-O a6 9. f3 exf3 10. Bxf3 c6 11. a4 Be6 12. d5 cxd5 13. cxd5 Bf5 14. e4 Bg6 15. Nb3 Bh5 16. Nd4 Bxf3 17. Rxf3 Nbd7 18. Rf4 Ne5 19. Nf5 Ng6 20. Rf1 Qb6+ 21. Kh1 Rae8 22. Ne2 Nxe4 23. Be3 Qc7 24. Nxg7 Kxg7 25. Bd4+ Bf6 26. Ng3 Nxg3+ 27. hxg3 Bxd4 28. Qxd4+ f6 29. g4 Re5 30. Rf2 Qc5 31. Qd2 Qxd5 32. Qc3 Rfe8 33. g5 fxg5 34. Raf1 R8e7 35. Qc8 Re1 36. Qf5 Rxf1+ 37. Rxf1 Qxg2+ 38. Kxg2 Nh4+ 39. Kg3 Nxf5+ 40. Rxf5 Kg6 41. Rf8 Rd7 42. Kf3 Rf7+ 0-1

[Event "Winnipeg TNT April op"]
[Site "Winnipeg CAN"]
[Date "2013.04.30"]
[Round "5"]
[White "Towns, Barry"]
[Black "Green, Aaron"]
[Result "0-1"]
[WhiteElo "1740"]
[BlackElo "2012"]
[PlyCount "68"]
[GameId "2160767909372931"]
[EventDate "2013.04.02"]
[EventType "swiss"]
[EventRounds "5"]
[EventCountry "CAN"]
[SourceTitle "EXT 2022"]
[Source "ChessBase"]
[SourceDate "2021.10.06"]
[SourceVersion "1"]
[SourceVersionDate "2021.10.06"]
[SourceQuality "1"]

1. e4 c5 2. Nf3 d6 3. Bc4 Nf6 4. Nc3 e6 5. O-O Be7 6. d4 cxd4 7. Nxd4 O-O 8. f4 Nc6 9. f5 Qb6 10. fxe6 Qxd4+ 11. Qxd4 Nxd4 12. exf7+ Kh8 13. Bg5 Be6 14. Bxe6 Nxe6 15. Bh4 Rxf7 16. Rf3 Raf8 17. Raf1 Kg8 18. Rh3 g5 19. Be1 Nd7 20. Rxf7 Rxf7 21. Nd5 Nf6 22. Nxe7+ Rxe7 23. Rd3 Rd7 24. Re3 Kf7 25. Bc3 Nf4 26. Kf1 Re7 27. g3 Ng6 28. Rf3 Ne5 29. Rf5 h6 30. h4 gxh4 31. gxh4 Re6 32. Bd2 Kg7 33. Rf4 Ng6 34. Bc3 Nxf4 0-1

[Event "Winnipeg TNT April op"]
[Site "Winnipeg CAN"]
[Date "2013.04.30"]
[Round "5"]
[White "Wasserman, Leor"]
[Black "Wolchock, Theo"]
[Result "1-0"]
[WhiteElo "1927"]
[BlackElo "1695"]
[PlyCount "87"]
[GameId "2160767909372932"]
[EventDate "2013.04.02"]
[EventType "swiss"]
[EventRounds "5"]
[EventCountry "CAN"]
[SourceTitle "EXT 2022"]
[Source "ChessBase"]
[SourceDate "2021.10.06"]
[SourceVersion "1"]
[SourceVersionDate "2021.10.06"]
[SourceQuality "1"]

1. e4 e5 2. Nf3 d6 3. Bc4 Be7 4. O-O Nf6 5. Nc3 O-O 6. d4 exd4 7. Nxd4 Nbd7 8. h3 Nb6 9. Bd3 d5 10. e5 Nfd7 11. Re1 Bb4 12. Nf5 Nc5 13. Qg4 Bxf5 14. Bxf5 Bxc3 15. Bg5 Qe8 16. Bf6 g6 17. Qg5 Nbd7 18. Qh6 Nxf6 19. exf6 Qxe1+ 20. Rxe1 Bxf6 21. Bd3 Nxd3 22. cxd3 Rfe8 23. Rxe8+ Rxe8 24. Qd2 Re6 25. g3 Rb6 26. b3 Be5 27. Qa5 c6 28. Qxa7 Rb4 29. Qa8+ Kg7 30. Qe8 Bf6 31. Qe3 Rd4 32. g4 c5 33. g5 Rb4 34. gxf6+ Kxf6 35. Qxc5 Rh4 36. Qc8 Kg7 37. Qxb7 Rxh3 38. Qxd5 Rh4 39. Qe5+ Kg8 40. d4 Rh5 41. Qxh5 gxh5 42. a4 Kf8 43. a5 Ke8 44. a6 1-0

[Event "Winnipeg TNT February op"]
[Site "Winnipeg CAN"]
[Date "2013.02.05"]
[Round "1"]
[White "Baron, Gustav"]
[Black "Babb, Jeff"]
[Result "0-1"]
[WhiteElo "1797"]
[BlackElo "2204"]
[PlyCount "86"]
[GameId "2160767909381885"]
[EventDate "2013.02.05"]
[EventType "swiss"]
[EventRounds "4"]
[EventCountry "CAN"]
[SourceTitle "EXT 2022"]
[Source "ChessBase"]
[SourceDate "2021.10.06"]
[SourceVersion "1"]
[SourceVersionDate "2021.10.06"]
[SourceQuality "1"]

1. e4 e5 2. f4 exf4 3. Nf3 Be7 4. Bc4 Nf6 5. e5 Ng4 6. O-O d5 7. exd6 Qxd6 8. d4 Nc6 9. b3 O-O 10. Re1 Qf6 11. Nc3 Bd6 12. Ne4 Qh6 13. Nxd6 cxd6 14. Re4 Ne3 15. Bxe3 fxe3 16. Rh4 Qf6 17. Qd3 Bf5 18. Qxe3 Rae8 19. Qd2 Re4 20. Rf4 Rxf4 21. Qxf4 Bxc2 22. Qxf6 gxf6 23. Bd5 Rc8 24. Kf2 Nb4 25. Bc4 d5 26. Be2 Be4 27. a3 Nc2 28. Rc1 Rc6 29. a4 Nxd4 30. Rxc6 Nxc6 31. Nd2 f5 32. g3 Kg7 33. Ke3 Kf6 34. Kf4 Nd4 35. Bd1 a5 36. g4 Ne6+ 37. Kg3 f4+ 38. Kf2 Nd4 39. h4 h6 40. Nf1 Ke5 41. Nd2 Nc6 42. Be2 Nd4 43. b4 axb4 0-1